Science Quiz

Random Science or Animal Quiz

Country by Unique Animal Quiz Stats

 Plays Quiz Updated Jun 27, 2019

Score 0/12 Timer 05:00
3 Plays Today
% Correct
Australia
80%
Indonesia
65.5%
India
56.8%
New Zealand
54.2%
Sri Lanka
46.1%
Iran
43.8%
Brazil
43.1%
Madagascar
42.7%
Comoros
42.4%
China
41.8%
Papua New Guinea
35.9%
Philippines
35.3%

You're not logged in!

Compare scores with friends on all Sporcle quizzes.
OR
Log In

Sporcle TV

Today on Sporcle TV


Watch our educational content, quiz creation guides, and fun videos on Sporcle TV.

Show Comments

Extras

Top Quizzes Today


Score Distribution

Your Account Isn't Verified!

In order to create a playlist on Sporcle, you need to verify the email address you used during registration. Go to your Sporcle Settings to finish the process.

Report this User

Report this user for behavior that violates our Community Guidelines.

Details: